Top 25 Most Popular MCU Actors and Actresses - Statistics

General Stats
  • This quiz has been taken 141 times
  • The average score is 17 of 25
Answer Stats
Famous For... Age Years Ethnicity Gender First Appearance # Actor or Actress % Correct
Sherlock Holmes, Dolittle 60 2008-2019 Jewish American Male Iron Man 2 Robert Downey Jr.
98%
Star Trek, Extraction 40 2011-Present Australian Male Thor 3 Chris Hemsworth
96%
Sing, The Prestige 40 2010-2021 American Female Iron Man 2 4 Scarlett Johansson
93%
Fantastic Four, Knives Out 40 2011-2019 American Male Captain America: The First Avenger 5 Chris Evans
92%
The Impossible, Uncharted 25 2016-Present British Male Captain America: Civil War 1 Tom Holland
89%
Passengers, Jurassic World 40 2014-Present American Male Guardians of the Galaxy 13 Chris Pratt
85%
Dune, The Greatest Showman 25 2017-Present African American Female Spider-Man: Homecoming 7 Zendaya
85%
The Power of the Dog, The Grinch 45 2016-Present British Male Doctor Strange 16 Benedict Cumberbatch
84%
Hacksaw Ridge, Tick Tick Boom 40 2021 British American Male Spider-Man: No Way Home 6 Andrew Garfield
80%
Room, Just Mercy 35 2019-Present American Female Captain Marvel 17 Brie Larson
78%
Fast and the Furious, XxX 50 2014-Present American Male Guardians of the Galaxy 14 Vin Diesel
75%
Midnight in Paris, Kong: Skull Island 40 2011-Present British Male Thor 12 Tom Hiddleston
73%
The Adam Project, Avatar 50 2014-Present African American Female Guardians of the Galaxy 15 Zoe Saldana
73%
Mr. and Mrs. Smith, Maleficent 50 2021-Present American Female Eternals 18 Angelina Jolie
70%
Little Women, Fighting With My Family 25 2021-Present British Female Black Widow 9 Florence Pugh
64%
Seabiscuit, The Great Gatsby 45 2021 American Male Spider-Man: No Way Home 22 Tobey Maguire
64%
Donnie Darko, Brokeback Mountain 45 2019 American Male Spider-Man: Far From Home 21 Jake Gyllenhaal
54%
The Edge of Seventeen, Pitch Perfect 2 25 2021-Present American Female Hawkeye 8 Hailee Steinfeld
52%
Desperado, Frida 55 2021-Present Mexican American Female Eternals 19 Salma Hayek
52%
Godzilla, Oldboy 30 2014-Present American Female Captain America: The Winter Soldier 10 Elizabeth Olsen
46%
N/A 35 2021-Present Asian American Male Shang-Chi and the Legend of the Ten Rings 11 Simu Liu
43%
Real Steel, The Hurt Locker 35 2014-Present African American Male Captain America: The Winter Soldier 25 Anthony Mackie
38%
Jurassic Park, The Fly 65 2017 Jewish American Male Guardians of the Galaxy Vol. 2 20 Jeff Goldblum
37%
My Spy, Riddick 50 2014-Present American Male Guardians of the Galaxy 24 Dave Bautista
31%
Lincoln Lawyer, In the Bedroom 65 2016-2021 American Female Captain America: Civil War 23 Marisa Tomei
21%
No matching quizzes found
Score Distribution
Percent of People with Each Score
Percentile by Number Answered
Your Score History
You have not taken this quiz